Celebrities - Dead or Alive - Statistics

General Stats
  • This quiz has been taken 288 times
  • The average score is 15 of 20
Answer Stats
Question Answer % Correct
Donald Trump Alive
97%
Vladimir Putin Alive
97%
Michael Jackson Dead
97%
Snoop Dogg Alive
95%
Zendaya Alive
95%
Queen Elizabeth II Dead
95%
Robert Downey Jr Alive
92%
Chris Evans Alive
92%
Jake Baldwin Alive
78%
Carrie Fisher Dead
78%
Chadwick Boseman Dead
78%
Harrison Ford Alive
76%
George H.W. Bush Dead
73%
Steve Jobs Dead
73%
Anthony Bourdain Dead
73%
Peter Mayhew Dead
57%
Archie Manning Alive
49%
Dustin Diamond Dead
49%
Ted Lyons Dead
49%
Micky Ward Aloive
41%
No matching quizzes found
Score Distribution
Percent of People with Each Score
Percentile by Number Answered
Your Score History
You have not taken this quiz